Selling securities in the United States / (Registro nro. 8318)
[ vista simple ]
| 000 -LEADER | |
|---|---|
| fixed length control field | 01241nam a2200217Ia 4500 |
| 003 - CONTROL NUMBER IDENTIFIER | |
| control field | OSt |
| 005 - DATE AND TIME OF LATEST TRANSACTION | |
| control field | 20210812145633.0 |
| 008 - FIXED-LENGTH DATA ELEMENTS--GENERAL INFORMATION | |
| fixed length control field | 210310s1993 ck gr 000 0 spa d |
| 040 ## - CATALOGING SOURCE | |
| Original cataloging agency | CO-JMCR |
| Transcribing agency | CO-JMCR |
| 041 0# - LANGUAGE CODE | |
| Language code of text/sound track or separate title | eng |
| 082 04 - DEWEY DECIMAL CLASSIFICATION NUMBER | |
| Classification number | 332.632 / |
| Item number | K889s |
| Edition number | 23 |
| 110 2# - MAIN ENTRY--CORPORATE NAME | |
| Corporate name or jurisdiction name as entry element | KPMG Peat Marwick |
| 9 (RLIN) | 38672 |
| 245 10 - TITLE STATEMENT | |
| Title | Selling securities in the United States / |
| Statement of responsibility, etc. | KPMG Peat Marwick ; William J. Valladares, editor |
| 260 ## - PUBLICATION, DISTRIBUTION, ETC. | |
| Place of publication, distribution, etc. | Estados Unidos : |
| Name of publisher, distributor, etc. | KPMG, |
| Date of publication, distribution, etc. | 1993 |
| 300 ## - PHYSICAL DESCRIPTION | |
| Extent | ix, 129 páginas ; |
| Dimensions | 28 cm. |
| 505 0# - FORMATTED CONTENTS NOTE | |
| Formatted contents note | U.S. Securities Laws: An Overview -- Registration of securities for public sale in the United States -- Timing and cost considerations of sales of securities in the United States -- Periodic reporting requirements for registered securities -- Accounting, auditing, and reporing considerations in SEC filings -- Major differences between U.S and certain foreign accounting principles -- Exemptions available gor relief from registrTION -- Multijurisdictional disclosure system: U.S and Canada cross-borde offering -- Foreign public companies |
| 650 14 - SUBJECT ADDED ENTRY--TOPICAL TERM | |
| Topical term or geographic name entry element | Mercado de capitales |
| 9 (RLIN) | 16930 |
| Geographic subdivision | Estados Unidos |
| 650 24 - SUBJECT ADDED ENTRY--TOPICAL TERM | |
| Topical term or geographic name entry element | Auditorias fiscales |
| Geographic subdivision | Estados Unidos |
| 9 (RLIN) | 39331 |
| 700 1# - ADDED ENTRY--PERSONAL NAME | |
| Personal name | Valladares, William J., |
| Relator term | editor |
| 9 (RLIN) | 39350 |
| 942 ## - ADDED ENTRY ELEMENTS (KOHA) | |
| Source of classification or shelving scheme | Dewey Decimal Classification |
| Koha item type | Books |
| Withdrawn status | Lost status | Source of classification or shelving scheme | Damaged status | Not for loan | Collection code | Home library | Current library | Date acquired | Source of acquisition | Full call number | Barcode | Date last seen | Copy number | Koha item type |
|---|---|---|---|---|---|---|---|---|---|---|---|---|---|---|
| Dewey Decimal Classification | Non-fiction | Biblioteca Pública José María del Castillo y Rada | Biblioteca Pública José María del Castillo y Rada | 04/15/2018 | Donación | 332.632 / K889s | 430002885 | 05/16/2024 | Ej.1 | Books |